| 000 | 01534cam a22003131i 4500 | ||
|---|---|---|---|
| 003 | SA-RiAUC | ||
| 005 | 20241128134637.0 | ||
| 008 | 240829s1994 le g b 00100 ara c | ||
| 040 |
_aSA-RiAUC _bara _cSA-RiAUC _erda |
||
| 050 | 4 | _b.I265 1994 | |
| 082 | 0 | 4 |
_a252.5 _qSA-RiAUC |
| 090 |
_a252.5 _bا ب ن |
||
| 100 | 1 |
_aابن جماعة، عبد العزيز بن محمد بن إبراهيم، _d694-767 هجري _eمؤلف. |
|
| 245 | 1 | 0 |
_aهداية السالك إلى المذاهب الأربعة في المناسك / _cلعز الدين بن جماعة الكناني عبد العزيز بن محمد بن إبراهيم ؛ حققه على نسخة بخط المصنف ونسخ مأخوذة عنه وخرج أحاديثه وعلق عليه وكمل فوائده نور الدين عنتر. |
| 250 | _aالطبعة الأولى. | ||
| 264 | 1 |
_aبيروت : _bدار البشائر الإسلامية، _c1994 |
|
| 300 |
_a3 مجلد ؛ _c24 سم |
||
| 336 |
_aنص _btxt _2rdacontent _3كتاب |
||
| 337 |
_aبدون وسيط _bn _2rdamedia |
||
| 338 |
_aمجلد _bnc _2rdacarrier |
||
| 500 | _aيشتمل على كشافات. | ||
| 500 | _aملاحظات داخل الكتاب | ||
| 504 | _aيشتمل على إرجاعات ببليوجرافية. | ||
| 650 | 7 |
_aالحج (فقه إسلامي) _xمناسك _2aucsh |
|
| 650 | 7 |
_aالعبادات (فقه إسلامي) _2aucsh |
|
| 700 | 1 |
_aعتر، نور الدين، _d1937- _eمحقق. |
|
| 942 |
_2ddc _cBOOK |
||
| 949 |
_aSA-JeALM _d240829 _umohamedma123 _n1 |
||
| 999 |
_c20 _d20 |
||